000 00870nam a2200205 a 4500
001 000040814
005 20201002034411.0
008 130906s2009 sp 000 0 spa d
020 _a9788476352502
040 _aDO-SdBNP
_bspa
_cBNPHU
100 1 _aQuilis, Antonio
_928481
245 1 0 _aPrincipios de fonología y fonética españolas /
_cAntonio Quilis.
250 _a9ª ed.
260 _aMadrid :
_bArco Libros,
_c2009.
300 _a96 p. ;
_c22 cm.
490 1 _aCuadernos de lengua española ;
_v43
504 _aIncluye referencias bibliográficos y notas al pie de las páginas
505 0 _tFonología y fonética --
_tArticulación del sonido --
_tAcústica del sonido --
_tVocales --
_tConsonantes --
_tLa sílaba --
_tEl acento --
_tLa entonación --
_tAlfabetos fonéticos --
_tEjercicios --
_tSoluciones--
830 0 _aCuadernos de lengua española ;
_n43
_967236
999 _c40304
_d40304